| 000 | 01428nam a2200361Ia 4500 | ||
|---|---|---|---|
| 001 | ebr10587134 | ||
| 003 | CaPaEBR | ||
| 006 | m u | ||
| 007 | cr cn||||||||| | ||
| 008 | 991109s2000 nyu s s001 0 eng d | ||
| 010 | _z 99058135 | ||
| 020 | _z0791446638 (alk. paper) | ||
| 020 | _z0791446646 (pbk. : alk. paper) | ||
| 020 | _z9780791446638 | ||
| 020 | _z9780791492147 (ebook) | ||
| 040 |
_aCaPaEBR _cCaPaEBR |
||
| 035 | _a(OCoLC)50440188 | ||
| 050 | 1 | 4 |
_aPN1922 _b.G38 2000eb |
| 100 | 1 | _aGelven, Michael. | |
| 245 | 1 | 0 |
_aTruth and the comedic art _h[electronic resource] / _cMichael Gelven. |
| 260 |
_aAlbany, NY : _bState University of New York Press, _cc2000. |
||
| 300 | _avii, 172 p. | ||
| 500 | _aIncludes index. | ||
| 533 |
_aElectronic reproduction. _bPalo Alto, Calif. : _cebrary, _d2011. _nAvailable via World Wide Web. _nAccess may be limited to ebrary affiliated libraries. |
||
| 600 | 1 | 0 |
_aMozart, Wolfgang Amadeus, _d1756-1791. _tNozze di Figaro. |
| 600 | 1 | 0 |
_aShakespeare, William, _d1564-1616. _tAs you like it. |
| 600 | 1 | 0 |
_aWilde, Oscar, _d1854-1900. _tIdeal husband. |
| 650 | 0 |
_aComedy _xHistory and criticism. |
|
| 650 | 0 |
_aEuropean drama (Comedy) _xHistory and criticism. |
|
| 655 | 7 |
_aElectronic books. _2local |
|
| 710 | 2 | _aebrary, Inc. | |
| 856 | 4 | 0 |
_uhttp://site.ebrary.com/lib/rucke/Doc?id=10587134 _zAn electronic book accessible through the World Wide Web; click to view |
| 999 |
_c107873 _d107873 |
||